Loading...
| Fine Arts - Auditory Fine Arts | 9 | 23.33 | 100% | 100% | 33% |
| Fine Arts - Other Fine Arts | 6 | 15.00 | 100% | 33% | 17% |
| Fine Arts - Visual Fine Arts | 6 | 18.33 | 100% | 50% | 33% |
| Geography | 2 | 10.00 | 100% | 0% | 0% |
| History - American History | 6 | 13.33 | 100% | 33% | 0% |
| History - European History | 4 | 7.50 | 75% | 0% | 0% |
| History - Other History | 7 | 11.43 | 86% | 29% | 0% |
| History - World History | 5 | 14.00 | 100% | 40% | 0% |
| Literature - American Literature | 7 | 22.86 | 100% | 86% | 43% |
| Literature - British Literature | 9 | 40.00 | 167% | 122% | 111% |
| Literature - European Literature | 7 | 22.86 | 100% | 86% | 43% |
| Literature - World Literature | 6 | 23.33 | 100% | 83% | 50% |
| Mythology | 6 | 20.00 | 100% | 50% | 50% |
| Other Academic | 1 | 30.00 | 100% | 100% | 100% |
| Philosophy | 6 | 18.33 | 83% | 67% | 33% |
| Pop Culture | 3 | 13.33 | 100% | 33% | 0% |
| Religion | 4 | 10.00 | 100% | 0% | 0% |
| Science - Biology | 9 | 16.67 | 100% | 44% | 22% |
| Science - Chemistry | 5 | 22.00 | 100% | 80% | 40% |
| Science - Other Science | 5 | 18.00 | 100% | 60% | 20% |
| Science - Physics | 7 | 22.86 | 100% | 100% | 29% |
| Social Science | 5 | 10.00 | 100% | 0% | 0% |